000 00572cam a22002053a 4500
001 41791
003 PGUSA
005 20140828083937.0
008 130106s2013||||xxu|||||s|||||000 | eng d
040 _aPGUSA
_beng
042 _adc
100 1 _aHerbert, A. P.,
_d1890-1971
245 1 4 _aThe House by the River
_h[electronic resource] /
_cA. P. Herbert
260 _bProject Gutenberg,
_c2013
506 _aPublic domain in the USA.
516 _aElectronic text
830 0 _aProject Gutenberg
_v41791
856 4 0 _uhttp://www.gutenberg.org/ebooks/41791
942 _cEB
999 _c271043
_d271043